NLSUI OPAC header image

Mapping of psychosocial support for girls and boys affected by child sexual abuse in four countries in South and Central Asia Afghanistan, Bangladesh, Nepal and Pakistan (Record no. 35016)

MARC details
000 -LEADER
fixed length control field 00571nam a2200157Ia 4500
008 - FIXED-LENGTH DATA ELEMENTS--GENERAL INFORMATION
fixed length control field 160316s2005 xxu||||| |||| 00| 0 eng d
082 ## - DEWEY DECIMAL CLASSIFICATION NUMBER
Classification number 362.704400
Item number SLU
100 ## - MAIN ENTRY--PERSONAL NAME
Personal name Slugget Cath
245 ## - TITLE STATEMENT
Title Mapping of psychosocial support for girls and boys affected by child sexual abuse in four countries in South and Central Asia Afghanistan, Bangladesh, Nepal and Pakistan
250 ## - EDITION STATEMENT
Edition statement
260 ## - PUBLICATION, DISTRIBUTION, ETC.
Place of publication, distribution, etc. Sweden
Name of publisher, distributor, etc. Save the Children
Date of publication, distribution, etc. 2005
300 ## - PHYSICAL DESCRIPTION
Extent 73
Other physical details
Dimensions
365 ## - TRADE PRICE
Price amount
650 ## - SUBJECT ADDED ENTRY--TOPICAL TERM
Topical term or geographic name entry element 1. child sexual abuse<br/>2. psychosocial support - girls - boys
700 ## - ADDED ENTRY--PERSONAL NAME
Personal name Frederick John
--
Holdings
Withdrawn status Lost status Damaged status Not for loan Home library Current library Shelving location Date acquired Total Checkouts Full call number Barcode Date last seen Price effective from Koha item type
        . .   30.05.2017   362.7044 SLU REP11482 30.05.2017 30.05.2017 Repository